000 00361nam a2200169Ia 4500
001 15241
005 20260306165013.0
008 260306t9999||||xx |||||||||||||| ||spa||
041 _aESP
082 _a531
_bC33
100 _aCastro Zarate, Juan
_eAUT
245 0 _aFĂ­sica
300 _a
_c
650 _aGEN
654 _aCCN
942 _cLIB
_dJUS
_fJUS
_2ddc
_n
999 _c15241
_d15241